000
00289nam a2200121Ia 4500
008
190216s9999||||xx |||||||||||||| ||und||
100
_a
Subramaniyam N&Amp; Rajam Jb
245
0
_a
Modern Physics
260
_b
S Chand & Co
_c
1984
300
_a
619p
650
_a
Modem Physics
942
_c
BK
999
_c
32987
_d
32987